Process for recapitalizing highway transportation systems / (Record no. 529523)

000 -LEADER
fixed length control field 01431nam a2200385 a 4500
001 - CONTROL NUMBER
control field 2928412
003 - CONTROL NUMBER IDENTIFIER
control field NUST
005 - DATE AND TIME OF LATEST TRANSACTION
control field 20190927103048.0
008 - FIXED-LENGTH DATA ELEMENTS--GENERAL INFORMATION
fixed length control field 930121s1989 dcua b 000 0 eng d
010 ## - LIBRARY OF CONGRESS CONTROL NUMBER
LC control number 89050757
020 ## - INTERNATIONAL STANDARD BOOK NUMBER
International Standard Book Number 0309045614
035 ## - SYSTEM CONTROL NUMBER
System control number (OCoLC)21977517
038 ## - RECORD CONTENT LICENSOR
Staff Name MSOHAIL
040 ## - CATALOGING SOURCE
Original cataloging agency IEN-Tr
Transcribing agency DLC
Modifying agency IEN-Tr
-- OCoLC
-- GU
-- DLC
042 ## - AUTHENTICATION CODE
Authentication code lccopycat
043 ## - GEOGRAPHIC AREA CODE
Geographic area code n-us---
050 04 - LIBRARY OF CONGRESS CALL NUMBER
Classification number HE355
Item number .L37 1989
082 ## - DEWEY DECIMAL CLASSIFICATION NUMBER
Classification number 0
100 1# - MAIN ENTRY--PERSONAL NAME
Personal name Larson, Thomas D.
9 (RLIN) 21752
245 10 - TITLE STATEMENT
Title Process for recapitalizing highway transportation systems /
Statement of responsibility, etc. Thomas D. Larson, Kant Rao.
260 ## - PUBLICATION, DISTRIBUTION, ETC.
Place of publication, distribution, etc. Washington, D.C. :
Name of publisher, distributor, etc. Transportation Research Board, National Research Council,
Date of publication, distribution, etc. [1989]
300 ## - PHYSICAL DESCRIPTION
Extent 43 p. :
Other physical details ill. ;
Dimensions 28 cm.
440 #0 - SERIES STATEMENT/ADDED ENTRY--TITLE
Title Synthesis of highway practice,
International Standard Serial Number 0547-5570 ;
Volume/sequential designation 151
9 (RLIN) 21753
500 ## - GENERAL NOTE
General note "National Cooperative Highway Research Program."
500 ## - GENERAL NOTE
General note "December 1989."
504 ## - BIBLIOGRAPHY, ETC. NOTE
Bibliography, etc. note Includes bibliographical references (p. 42-43).
650 #0 - SUBJECT ADDED ENTRY--TOPICAL TERM
Topical term or geographic name entry element Roads
Geographic subdivision United States
General subdivision Finance.
9 (RLIN) 21754
650 #0 - SUBJECT ADDED ENTRY--TOPICAL TERM
Topical term or geographic name entry element Highway planning
Geographic subdivision United States.
9 (RLIN) 21432
700 1# - ADDED ENTRY--PERSONAL NAME
Personal name Rao, Kant.
9 (RLIN) 21561
710 2# - ADDED ENTRY--CORPORATE NAME
Corporate name or jurisdiction name as entry element National Cooperative Highway Research Program.
9 (RLIN) 20864
710 2# - ADDED ENTRY--CORPORATE NAME
Corporate name or jurisdiction name as entry element National Research Council (U.S.).
Subordinate unit Transportation Research Board.
9 (RLIN) 19676
906 ## - LOCAL DATA ELEMENT F, LDF (RLIN)
a 7
b cbc
c copycat
d 4
e ocip
f 19
g y-gencatlg
942 ## - ADDED ENTRY ELEMENTS (KOHA)
Source of classification or shelving scheme
Koha item type Book
Holdings
Withdrawn status Lost status Source of classification or shelving scheme Damaged status Not for loan Permanent Location Current Location Date acquired Total Checkouts Barcode Date last seen Price effective from Koha item type
          School of Civil and Environmental Engineering (SCEE) School of Civil and Environmental Engineering (SCEE) 09/27/2019   NIT-10964 09/27/2019 09/27/2019 Book
© 2023 Central Library, National University of Sciences and Technology. All Rights Reserved.